00458nam a2200181Ia 4500003000400000005001700004008004100021040000700062041000800069082002100077100001800098245004500116260004100161300001500202365001200217650003100229650001600260OSt20230619100253.0210423s1961 xx 000 0 und d cAL aeng a361.3 223bDADS aDADLANI (G G) aServey of social work education in India aBarodabFaculty Of Social Workc1961 axii,64bPB b10cINR aSocial Problems & Services aSocial Work